| 000 | 00800nas a2200229 4500 | ||
|---|---|---|---|
| 001 | BR8107635 | ||
| 003 | BR-BrBNA | ||
| 005 | 20231205084912.0 | ||
| 007 | ta | ||
| 008 | 230509b bl.|||p| |||| 00| 00por d | ||
| 040 |
_aBR-BrBNA _bpor _cBiblioteca Nacional de Agricultura |
||
| 041 | _a(Pt) | ||
| 072 | _aK10 | ||
| 110 | 1 |
_aSuperintendencia do Desenvolvimento da Amazonia, Belem, PA (Brasil). Depto. de Recursos Naturais. Centro de Tecnologia Madeireira _910056 |
|
| 245 | 1 | _aRelacao numero de sementes/kg de 63 especies florestais amazonicas [Brasil] | |
| 650 | _aSEMENTE | ||
| 650 | _aARVORE FLORESTAL | ||
| 650 | _aAMAZONIA | ||
| 773 | 0 |
_tSUDAM Documenta (Brazil) _xISSN 0101-4013 _g(1981), v. 3(1-2) p. 15-17 _wBR8107635 |
|
| 909 |
_a202311 _bLúcia _c55 _dLúcia Elande |
||
| 942 |
_2AGRIS _n0 _cANA |
||
| 999 |
_c108005 _d108005 |
||